Religion Quiz

Random Religion or Church Quiz

Books in Pearl of Great Price Quiz Stats

Quiz not verified by Sporcle

Challenge
Share
Tweet
Embed
Score 0/5 Timer 01:00
0 Plays Today
Number Books % Correct
1stMoses
100%
2ndAbraham
95.8%
5thArticles of Faith
81.3%
4thJoseph Smith-History
79.2%
3rdJoseph Smith-Matthew
66.7%

You're not logged in!

Compare scores with friends on all Sporcle quizzes.
Join for Free
OR
Log In

You Might Also Like...

Show Comments

Extras

Top Quizzes Today


Score Distribution

Your Account Isn't Verified!

In order to create a playlist on Sporcle, you need to verify the email address you used during registration. Go to your Sporcle Settings to finish the process.

Report this User

Report this user for behavior that violates our Community Guidelines.

Details: